Top Goalscorers in Europe's Top 5 Leagues 2024/25 - Statistics

General Stats
  • This quiz has been taken 207 times
  • The average score is 28 of 45
Answer Stats
League # Goals Team Answer % Correct
La Liga 1 31 Real Madrid Kylian Mbappé
99%
Ligue 1 1 21 Paris Saint-Germain Ousmane Dembélé
98%
La Liga 2 27 Barcelona Robert Lewandowski
98%
Premier League 3 22 Manchester City Erling Haaland
96%
Premier League 1 29 Liverpool Mohamed Salah
96%
Premier League 2 23 Newcastle United Alexander Isak
95%
Bundesliga 1 26 Bayern Munich Harry Kane
95%
Premier League 8 15 Chelsea Cole Palmer
91%
La Liga 6 18 Barcelona Raphinha
91%
Premier League 7 16 Aston Villa Ollie Watkins
89%
Serie A 7 12 Inter Milan Lautaro Martinez
88%
Bundesliga 2 21 Borussia Dortmund Sehrou Guirassy
86%
Premier League 4 20 Nottingham Forest Chris Wood
84%
La Liga 7 17 Atletico Madrid Julian Alvarez
84%
Premier League 4 20 Brentford Brian Mbeumo
81%
Serie A 5 14 Inter Milan Marcus Thuram
80%
Serie A 5 14 Napoli Romelu Lukaku
80%
Serie A 3 15 Atalanta Ademola Lookman
74%
Ligue 1 6 14 Paris Saint-Germain Bradley Barcola
73%
Premier League 8 15 Wolverhampton Wanderers Matheus Cunha
72%
La Liga 4 20 Atletico Madrid Alexander Sørloth
71%
Ligue 1 1 21 Olympique Marseille Mason Greenwood
70%
Serie A 1 25 Atalanta Mateo Retegui
69%
Bundesliga 2 21 Bayer Leverkusen Patrik Schick
68%
Serie A 7 12 Napoli Scott McTominay
68%
Premier League 6 19 Brentford Yoane Wissa
67%
Ligue 1 4 16 Lille Jonathan David
65%
Ligue 1 5 15 Olympique Lyon Alexandre Lacazette
60%
Serie A 2 19 Fiorentina Moise Kean
58%
Bundesliga 6 15 Eintracht Frankfurt Hugo Ekitiké
56%
Serie A 7 12 AS Roma Artem Dovbyk
51%
Bundesliga 6 15 Eintracht Frankfurt Omar Marmoush
51%
La Liga 3 21 Osasuna Ante Budimir
49%
La Liga 8 15 Athletic Bilbao Oihan Sancet
39%
Serie A 3 15 Bologna Riccardo Orsolini
33%
Ligue 1 3 17 Stade Rennais Arnaud Kalimuendo
27%
Serie A 7 12 Udinese Lorenzo Lucca
27%
La Liga 5 19 Villarreal Ayoze Pérez
23%
Ligue 1 8 13 AS Monaco Mika Biereth
22%
Ligue 1 8 13 Olympique Marseille Amine Gouiri
20%
Bundesliga 6 15 Vfb Stuttgart Ermedin Demirović
19%
Bundesliga 4 18 Mainz 05 Jonathan Burkardt
19%
Bundesliga 5 16 Borussia Monchengladbach Tim Kleindienst
19%
Ligue 1 6 14 Strasbourg Emanuel Emegha
18%
Ligue 1 8 13 Stade Brestois Ludovic Ajorque
18%
No matching quizzes found
Score Distribution
Percent of People with Each Score
Percentile by Number Answered
Your Score History
You have not taken this quiz